| 000 | 00355nam a22001337a 4500 | ||
|---|---|---|---|
| 020 | _a8187815973 | ||
| 040 | _cNUST | ||
| 082 | _a531.1 DHA | ||
| 100 |
_aDhawan, D. K _959843 |
||
| 245 |
_aProblems in Mechanics: _bGeneral Properties of Matter |
||
| 260 |
_aNew Delhi: _bCampus Books, _c2002. |
||
| 650 |
_aProblems in Mechanics _9113962 |
||
| 942 |
_2ddc _cBK |
||
| 999 |
_c595379 _d595379 |
||